Designers' handbook to Eurocode : Basis of Structural Design (Record no. 532040)
[ view plain ]
| 000 -LEADER | |
|---|---|
| fixed length control field | 01333nam a2200385 a 4500 |
| 001 - CONTROL NUMBER | |
| control field | 3550372 |
| 003 - CONTROL NUMBER IDENTIFIER | |
| control field | NUST |
| 005 - DATE AND TIME OF LATEST TRANSACTION | |
| control field | 20211228170645.0 |
| 008 - FIXED-LENGTH DATA ELEMENTS--GENERAL INFORMATION | |
| fixed length control field | 970110m19969999enka b 001 0 eng d |
| 010 ## - LIBRARY OF CONGRESS CONTROL NUMBER | |
| LC control number | 97144806 |
| 020 ## - INTERNATIONAL STANDARD BOOK NUMBER | |
| International Standard Book Number | 0727741713 |
| 024 ## - OTHER STANDARD IDENTIFIER | |
| Standard number or code | 9780727741714 |
| 035 ## - SYSTEM CONTROL NUMBER | |
| System control number | (OCoLC)36183396 |
| 038 ## - RECORD CONTENT LICENSOR | |
| Record content licensor | MSOHAIL |
| 040 ## - CATALOGING SOURCE | |
| Original cataloging agency | NBuU |
| Transcribing agency | NBuU |
| Modifying agency | IU |
| -- | DLC |
| 042 ## - AUTHENTICATION CODE | |
| Authentication code | lccopycat |
| 043 ## - GEOGRAPHIC AREA CODE | |
| Geographic area code | e------ |
| 050 04 - LIBRARY OF CONGRESS CALL NUMBER | |
| Classification number | TA658 |
| Item number | .G86 1996 |
| 082 ## - DEWEY DECIMAL CLASSIFICATION NUMBER | |
| Classification number | 624.177 |
| Author Mark | GUL |
| 100 1# - MAIN ENTRY--PERSONAL NAME | |
| Personal name | Gulvanessian, H. |
| 9 (RLIN) | 25311 |
| 245 10 - TITLE STATEMENT | |
| Title | Designers' handbook to Eurocode : Basis of Structural Design |
| 246 3# - VARYING FORM OF TITLE | |
| Title proper/short title | Designers' handbook to Eurocode |
| 250 ## - EDITION STATEMENT | |
| Edition statement | 2nd |
| 260 ## - PUBLICATION, DISTRIBUTION, ETC. | |
| Place of publication, distribution, etc. | London : |
| Name of publisher, distributor, etc. | ICE, ; |
| Place of publication, distribution, etc. | New York : |
| Name of publisher, distributor, etc. | American Society of Civil Engineers [distributor], |
| Date of publication, distribution, etc. | 2012- |
| 300 ## - PHYSICAL DESCRIPTION | |
| Extent | 9. <190 > : |
| Other physical details | ill. ; |
| Dimensions | 29 cm. |
| 440 #0 - SERIES STATEMENT/ADDED ENTRY--TITLE | |
| Title | Eurocode design handbooks |
| 9 (RLIN) | 25312 |
| 504 ## - BIBLIOGRAPHY, ETC. NOTE | |
| Bibliography, etc. note | Includes bibliographical references (v. 1, p. 116-118) and index. |
| 505 1# - FORMATTED CONTENTS NOTE | |
| Formatted contents note | Pt. 1. Basic of design. |
| 650 #0 - SUBJECT ADDED ENTRY--TOPICAL TERM | |
| Topical term or geographic name entry element | Structural design |
| General subdivision | Standards |
| Geographic subdivision | Europe. |
| 9 (RLIN) | 87091 |
| 650 #0 - SUBJECT ADDED ENTRY--TOPICAL TERM | |
| Topical term or geographic name entry element | Standards, Engineering |
| Geographic subdivision | Europe. |
| 9 (RLIN) | 87092 |
| 700 1# - ADDED ENTRY--PERSONAL NAME | |
| Personal name | Holický, Milan. |
| 9 (RLIN) | 25315 |
| 906 ## - LOCAL DATA ELEMENT F, LDF (RLIN) | |
| a | 7 |
| b | cbc |
| c | copycat |
| d | 2 |
| e | ncip |
| f | 19 |
| g | y-gencatlg |
| 942 ## - ADDED ENTRY ELEMENTS (KOHA) | |
| Source of classification or shelving scheme | |
| Koha item type | Book |
| Withdrawn status | Lost status | Source of classification or shelving scheme | Damaged status | Not for loan | Permanent Location | Current Location | Date acquired | Total Checkouts | Full call number | Barcode | Date last seen | Date last checked out | Price effective from | Koha item type |
|---|---|---|---|---|---|---|---|---|---|---|---|---|---|---|
| School of Civil and Environmental Engineering (SCEE) | School of Civil and Environmental Engineering (SCEE) | 11/07/2019 | 1 | 624.177 GUL | NIT-11947 | 02/11/2022 | 12/28/2021 | 11/07/2019 | Book |
